Libertad religiosa hoy en España
Na minha lista:
| Main Authors: | , , , , , , , |
|---|---|
| Formato: | Livro |
| Idioma: | espanhol |
| Publicado em: |
Madrid
UPCO
1992
|
| Assuntos: | |
| Tags: |
Adicionar Tag
Sem tags, seja o primeiro a adicionar uma tag!
|
MARC
| LEADER | 00000nam a2200000 a 4500 | ||
|---|---|---|---|
| 001 | UCV2861 | ||
| 003 | CL-VaPUC | ||
| 008 | 921209e19920000SP |||||||||||||||||spa|d | ||
| 082 | 0 | 4 | |a 261.72 |b COR |2 21 |
| 100 | 0 | |a Corral Salvador, Carlos |e author |9 297144 | |
| 700 | 0 | |a Flecha, J. R |e author |9 297145 | |
| 700 | 0 | |a González, M |e author |9 297146 | |
| 700 | 0 | |a Moreno, J. M |e author |9 297147 | |
| 700 | 0 | |a Muguiro, A. H |e author |9 297148 | |
| 700 | 0 | |a Otaduy, J. de |e author |9 297149 | |
| 700 | 0 | |a Tagliaferri, M |e author |9 297150 | |
| 700 | 0 | |a Udías, G. H |e author |9 297151 | |
| 245 | 1 | 0 | |a Libertad religiosa hoy en España |
| 300 | |a 228 p | ||
| 942 | |c BK | ||
| 945 | |d 19921209 00:00:00 | ||
| 260 | |a Madrid |b UPCO |c 1992 | ||
| 650 | 7 | |a LIBERTAD RELIGIOSA |2 CL-VaPUC |9 297152 | |
| 651 | 0 | |a España |9 254926 | |
| 583 | |a last modification |c 19921209 00:00:00 |k Rodrigo Vera | ||
| 999 | |c 210329 |d 210327 | ||
| 952 | |0 0 |1 0 |4 0 |6 261_720000000000000_COR_1992 |7 0 |8 A |9 186474 |a BIBDER |b BIBDER |d 2019-11-14 |i 2539551 |o 261.72 COR 1992 |p 2539551 |r 2023-01-25 |w 2019-11-14 |y BK |k DER | ||